Finance economics and mathematics
Finance, Economics, and Mathematics is the complete Vasicek reference work, including published and unpublished work and interviews with the man himself. The name Oldrich A. Vasicek is synonymous with cutting-edge research in the finance fields, and this book comes straight from the source to bring...
保存先:
| 第一著者: | |
|---|---|
| フォーマット: | 図書 |
| 言語: | Undetermined |
| 出版事項: |
Hoboken, NJ
John Wiley & Sons
2016
|
| 主題: | |
| タグ: |
タグ追加
タグなし, このレコードへの初めてのタグを付けませんか!
|
| Thư viện lưu trữ: | Trung tâm Học liệu Trường Đại học Cần Thơ |
|---|
| LEADER | 01449nam a2200205Ia 4500 | ||
|---|---|---|---|
| 001 | CTU_207713 | ||
| 008 | 210402s9999 xx 000 0 und d | ||
| 020 | |c 1811000 | ||
| 082 | |a 332 | ||
| 082 | |b V334 | ||
| 100 | |a Vasicek, Oldrich Alfons | ||
| 245 | 0 | |a Finance economics and mathematics | |
| 245 | 0 | |c Oldrich Alfons Vasicek | |
| 260 | |a Hoboken, NJ | ||
| 260 | |b John Wiley & Sons | ||
| 260 | |c 2016 | ||
| 520 | |a Finance, Economics, and Mathematics is the complete Vasicek reference work, including published and unpublished work and interviews with the man himself. The name Oldrich A. Vasicek is synonymous with cutting-edge research in the finance fields, and this book comes straight from the source to bring you the undiluted mother lode of quant wisdom from one of the founders of the field. From his early work in yield curve dynamics, to the mean-reverting short-rate model, to his thoughts on derivatives pricing, to his work on credit risk, to his most recent research on the economics of interest rates, this book represents the life's work of an industry leader. Going beyond the papers, you'll also find the more personal side inspirational as Vasicek talks about the academics and professionals who made lasting impressions and collaborated, debated, and ultimately helped spawn some of his greatest thinking. | ||
| 650 | |a Finance,Tài chính | ||
| 904 | |i Hải | ||
| 980 | |a Trung tâm Học liệu Trường Đại học Cần Thơ | ||